US, Australian, and Canadian Coastal State and Provincial Capitals - Statistics

General Stats
  • This quiz has been taken 546 times
  • The average score is 14 of 18
Answer Stats
Hint Answer % Correct
AU Sydney
95%
AU Perth
94%
AU Melbourne
93%
AU Brisbane
88%
AU Darwin
86%
AU Adelaide
85%
US Boston
83%
AU Hobart
80%
CA Halifax
76%
US Providence
76%
CA St John's
73%
CA Victoria
73%
US Olympia
71%
US Honolulu
67%
US Juneau
67%
US Annapolis
63%
CA Charlottetown
51%
CA Iqaluit
44%
No matching quizzes found
Score Distribution
Percent of People with Each Score
Percentile by Number Answered
Your Score History
You have not taken this quiz